| 000 -LEADER |
| fixed length control field |
01080nam a22002057a 4500 |
| 020 ## - INTERNATIONAL STANDARD BOOK NUMBER |
| ISBN |
9781801117166 |
| 082 ## - DEWEY DECIMAL CLASSIFICATION NUMBER |
| Classification number |
153.69 |
| Item number |
An545 2021 |
| 100 ## - MAIN ENTRY--AUTHOR NAME |
| Personal name |
Anderson, Michael author. |
| 245 ## - TITLE STATEMENT |
| Title |
How to analyze people : learn psychology system to read people, analyze body language & personality types, the power of body language, human behavior and mind control techniques / Michael Anderson. |
| 250 ## - EDITION STATEMENT |
| Edition statement |
First edition. |
| 260 ## - PUBLICATION, DISTRIBUTION, ETC. (IMPRINT) |
| Place of publication |
[Place of publication not identified] ; |
| Name of publisher |
[Publisher not identified] : |
| Year of publication |
©2020. |
| 300 ## - PHYSICAL DESCRIPTION |
| Number of Pages |
1 online resource, 106 pages ; |
| Other physical details |
color illustration. |
| 500 ## - GENERAL NOTE |
| General note |
Includes bibliographical references and index. |
| 520 ## - SUMMARY, ETC. |
| Summary, etc |
This book provides techniques and practical strategies on how to understand and analyze people through their body language, facial expressions, and personality cues. It includes insight into nonverbal communication, emotional intelligence, and psychological profiling.
|
| 650 ## - SUBJECT ADDED ENTRY--TOPICAL TERM |
| Topical Term |
Psychology, Applied. |
| 650 ## - SUBJECT ADDED ENTRY--TOPICAL TERM |
| Topical Term |
Nonverbal Communication. |
| 650 ## - SUBJECT ADDED ENTRY--TOPICAL TERM |
| Topical Term |
Body Language. |
| 650 ## - SUBJECT ADDED ENTRY--TOPICAL TERM |
| Topical Term |
Personality. |
| 942 ## - ADDED ENTRY ELEMENTS (KOHA) |
| Koha item type |
Books |